Damien Chazelle Movies Quiz - Statistics

General Stats
  • This quiz has been taken 40 times
  • The average score is 4 of 5
Answer Stats
Year Hint Movie % Correct
2016 L.A. pianist La La Land
97%
2014 Drumming Whiplash
97%
2022 Hollywood Babylon
89%
2018 Armstrong First Man
75%
2009 Trumpeter Guy and Madeline on a Park Bench
22%
No matching quizzes found
Score Distribution
Percent of People with Each Score
Percentile by Number Answered
Your Score History
You have not taken this quiz